01560nam a2200373 a 4500001001000000003000900010005001700019007001000036008003300046020001400079040002200093082002400115100002800139245009900167260004400266300002700310490002600337500006600363500005400429590002600483650003600509650003600545700002500581910004800606930002100654930002400675942001200699952013600711952012900847952013900976956001801115956003801133999001501171000044367DO-SdBNP20230427085755.0000044367101014s200u dr a 000 j spa d a945426443 aBPMSUbspacBPMSU 4aRD863.44bC712m2221 aCollins de Colado, Mary13aLa misteriosa islita del jardín /cMary Collins de Colado ; ilustraciones de Ramiro Manzano  aSanto Domingo :bEdiciones SM,c[200-?] a61 p. ;bil. :c19 cm.0 aEl barco de vapor,v1 aIncluye datos biográficos de la autora en la contracubierta aLa biblioteca posee la primera reimpresión 2012 6Inventariado, 2023/VM 4aCuentos infantiles dominicanos  4aLiteratura infantil dominicana 1 aManzano, Ramiroeil. aVMateo V. /Validado. Control de calidad MFF 1l m 8 f p g  1l m 8 f p g h  2ddccBK 00102ddc40708CI-DaBPMETbBPMETd2015-02-24eEdiciones SMoBPMSU CDI RD863.44 C712mpBPMSU15040148r2015-02-24w2015-02-24yBK 00102ddc40708CI-DaBPMETbBPMETd2015-02-24e oBPMSU CDI RD863.44 C712mpBPMSU15040149r2015-02-24te.2w2015-02-24yBK 00102ddc40708CI-DaBPMETbBPMETd2017-05-19eDonación oBPMSU CDI RD863.44 C712mpBPMSU17050007r2017-05-19te.3w2017-05-19yBK a b c l h  aVMATEOb10c20150904lBPMSUh0069 c7499d7499